Similar Flags: Multiple Choice - Statistics

General Stats
  • This quiz has been taken 33 times
  • The average score is 6 of 8
Answer Stats
Question Answer % Correct
Vietnam
96%
Armenia
92%
Philippines
92%
Malta
92%
Venezuela
92%
Yemen
88%
Comoros
79%
Indonesia
8%
No matching quizzes found
Score Distribution
Percent of People with Each Score
Percentile by Number Answered
Your Score History
You have not taken this quiz